US Citizenship Test II: Would You Pass? Quiz Stats

 Plays Quiz Updated Jun 28, 2017

Support Sporcle.
Go Orange.
Score 0/20 Timer 06:00
8 Plays Today
Question Answer % Correct
What ocean is on the West Coast of the United States?Pacific Ocean
98.7%
Who lived in America before the Europeans arrived?Native Americans
98.3%
We elect a President for how many years?4
97.8%
Name one state that borders Canada.Maine...
97%
Name one war fought by the United States in the 1900s.World War I...
95.8%
Who is the “Father of Our Country”?George Washington
95.3%
When do we celebrate Independence Day?July 4th
95.1%
We elect a U.S. Representative for how many years?2
94.4%
What are the two major political parties in the United States?Democratic and Republican
94.4%
Name one branch or part of the government.Congress...
94.1%
Question Answer % Correct
Name one war fought by the United States in the 1800s.War of 1812...
93.5%
Name one U.S. territory.Puerto Rico...
90.7%
How many justices are [normally] on the Supreme Court?9
90.3%
What is one right or freedom from the First Amendment?Speech...
90.3%
Who [which government office] is the Commander in Chief of the military?the President
89.2%
How many U.S. Senators are there?100
86.7%
During the Cold War, what [ideology] was the main concern of the United States?Communism
85.8%
What movement tried to end racial discrimination?Civil Rights Movement
79.1%
What is the supreme law of the land?the Constitution
78.5%
What are two rights in the Declaration of Independence?Life/Liberty/Pursuit of happiness
60.5%

From the Vault

Silhouettes: Disney Villains

by Perspektive

Quite the cast of shady characters.
Remove Ads.
Support Sporcle.
Get the best of Sporcle when you Go Orange. This ad-free experience offers more features, more stats, and more fun while also helping to support Sporcle. Thank you for becoming a member.

Show Comments

Extras

Top Quizzes Today


Score Distribution

Your Account Isn't Verified!

In order to create a playlist on Sporcle, you need to verify the email address you used during registration. Go to your Sporcle Settings to finish the process.

Report this User

Report this user for behavior that violates our Community Guidelines.

Details: